000 00623caa a2200205 4500
999 _c459274
_d459274
001 216217987
003 UA-OsUOA
005 20200518002357.0
008 200518b un ||||| |||| 00| 0 ukr d
040 _aUA-OsUOA
_bukr
_cUA-OsUOA
_dUA-OsUOA
041 _aukr
080 _a908
090 _a908
100 _aХомяк І.
245 _aЩодо назви міста Остріг
_cІ. Хомяк
300 _aС. 369–370
650 _2UDC
773 0 _0399318
_9416566
_dОстрог НаУОА 2014
_o148881
_tОстрозький краєзнавчий збірник
_w(UA-OsUOA) 113461
942 _2udc
_cBKA